All Halo Levels - Statistics

General Stats
  • This quiz has been taken 153 times
    111 since last reset
  • The average score is 44 of 131
Answer Stats
Hint Answer % Correct
Halo: Combat Evolved Halo
93%
Halo: Combat Evolved The Pillar of Autumn
91%
Halo: Combat Evolved The Silent Cartographer
84%
Halo: Combat Evolved The Library
81%
Halo: Combat Evolved 343 Guilty Spark
79%
Halo: Combat Evolved Assault on the Control Room
79%
Halo: Combat Evolved The Truth and Reconciliation
79%
Halo 3 Cortana
77%
Halo 3 Halo
77%
Halo 2 Cairo Station
74%
Halo: Combat Evolved Keyes
74%
Halo 3 The Ark
74%
Halo: Combat Evolved The Maw
74%
Halo 3 Floodgate
72%
Halo 2 Gravemind
72%
Halo 2 High Charity
72%
Halo 3 Sierra 117
72%
Halo 2 The Great Journey
72%
Halo 3 Crow's Nest
70%
Halo 2 Outskirts
70%
Halo 2 Quarantine Zone
70%
Halo 2 The Arbiter
70%
Halo 3 The Covenant
70%
Halo 3 The Storm
70%
Halo 3 Tsavo Highway
70%
Halo: Combat Evolved Two Betrayals
70%
Halo 2 Delta Halo
67%
Halo 2 Metropolis
67%
Halo 2 Regret
67%
Halo 2 Sacred Icon
65%
Halo 2 The Oracle
65%
Halo 2 Uprising
63%
Halo Reach Lone Wolf
60%
Halo 2 The Armory
60%
Halo Reach The Pillar of Autumn
60%
Halo 3 Arrival
58%
Halo Reach Nightfall
58%
Halo 2 The Heretic
58%
Halo Reach Winter Contingency
58%
Halo Reach Exodus
56%
Halo Reach New Alexandria
56%
Halo Reach ONI: Sword Base
56%
Halo Reach Long Night of Solace
51%
Halo Reach Noble Actual
51%
Halo Reach Tip of the Spear
51%
Halo 3: ODST Mombasa Streets
49%
Halo 4 Requiem
47%
Halo Reach The Package
47%
Halo 3: ODST Prepare to Drop
44%
Halo 3: ODST Data Hive
40%
Halo 4 Infinity
40%
Halo 4 Prologue
40%
Halo 3: ODST Coastal Highway
37%
Halo 4 Dawn
37%
Halo 3: ODST Tayari Plaza
37%
Halo 4 Epilogue
35%
Halo 3: ODST Kizingo Boulevard
35%
Halo 4 Midnight
35%
Halo 3: ODST ONI Alpha Site
35%
Halo 3: ODST Uplift Reserve
35%
Halo 3: ODST NMPD HQ
33%
Halo 4 Forerunner
30%
Halo 3: ODST Kikowani Station
30%
Halo 4 Reclaimer
28%
Halo 4 Shutdown
28%
Halo 4 Composer
23%
Halo 5: Guardians Osiris
23%
Halo 5: Guardians Blue Team
19%
Halo Infinite Outpost Tremonius
19%
Halo Wars The Flood
19%
Halo 5: Guardians Battle of Sunaion
16%
Halo Infinite Conservatory
16%
Halo Infinite House of Reckoning
16%
Halo Infinite Spire
16%
Halo Wars 2 The Halo
16%
Halo Infinite The Tower
16%
Halo Infinite Warship Gbraakon
16%
Halo Wars Alpha Base
14%
Halo Infinite Excavation Site
14%
Halo 5: Guardians Guardians
14%
Halo Infinite Silent Auditorium
14%
Halo Wars Arcadia Outskirts
12%
Halo Infinite Foundation
12%
Halo 5: Guardians Meridian Station
12%
Halo Infinite Pelican Down
12%
Halo 5: Guardians Swords of Sanghelios
12%
Halo Infinite The Road
12%
Halo Wars Arcadia City
9%
Halo Wars Beachhead
9%
Halo 5: Guardians Evacuation
9%
Halo 5: Guardians Genesis
9%
Halo Wars Scarab
9%
Halo Wars Shield World
9%
Halo 5: Guardians The Breaking
9%
Halo Infinite The Sequence
9%
Halo 5: Guardians Alliance
7%
Halo Wars Anders' Signal
7%
Halo 5: Guardians Before the Storm
7%
Halo Wars Cleansing
7%
Halo Wars Dome of Light
7%
Halo 5: Guardians Enemy Lines
7%
Halo Wars Escape
7%
Halo 5: Guardians Glassed
7%
Halo Wars 2 Last Stand
7%
Halo Infinite Nexus
7%
Halo Wars Reactor
7%
Halo Wars Relic Approach
7%
Halo Wars Relic Interior
7%
Halo Wars Repairs
7%
Halo Infinite Repository
7%
Halo 5: Guardians Reunion
7%
Halo Infinite The Command Spire
7%
Halo 5: Guardians Unconfirmed
7%
Halo Wars 2 A New Enemy
5%
Halo Wars 2 Ascension
5%
Halo Wars 2 DLC Fighting Retreat
5%
Halo Wars 2 From the Deep
5%
Halo Wars 2 Hold the Line
5%
Halo Wars 2 Lights Out
5%
Halo Wars 2 DLC Light the Fuse
5%
Halo Wars 2 DLC Manifestation
5%
Halo Wars 2 One Three Zero
5%
Halo Infinite Recovery
5%
Halo Wars 2 The Cartographer
5%
Halo Wars 2 The Foundry
5%
Halo Wars 2 The Signal
5%
Halo Wars 2 Under the Dark
5%
Halo Wars 2 DLC What Could Go Wrong?
5%
Halo Wars 2 DLC Gatecrashers
2%
Halo Wars 2 DLC Not on My Watch
2%
Halo Wars 2 DLC The Archive
2%
No matching quizzes found
Score Distribution
Percent of People with Each Score
Percentile by Number Answered
Your Score History
You have not taken this quiz since the last reset